| 000 | 00782nam a2200253 a 4500 | ||
|---|---|---|---|
| 001 | 66703 | ||
| 003 | BD-RjUL | ||
| 005 | 20211209081553.0 | ||
| 008 | 170319s1994 enka b 001 0 eng d | ||
| 020 | _a0198522908 : | ||
| 035 | _a(BD-RjUL)66834 | ||
| 040 |
_aBD-RjUL _beng _cBD-RjUL _dBD-RjUL |
||
| 041 | _aeng | ||
| 082 |
_223 _a502.3 _bBRT 1994 |
||
| 100 | 1 |
_aBraben, Donald _9197461 |
|
| 245 | 1 | 0 |
_aTo be a scientist / _cDonald Braben |
| 260 |
_aOxford : _bOxford University Press, _c1994. |
||
| 300 |
_axiii, 166 p. : _bill. ; _c24 cm. |
||
| 504 | _aIncludes bibliography and index | ||
| 650 | 0 |
_aResearch _xVocational guidance _9197462 |
|
| 650 | 0 |
_aResearch _xVocational guidance _zGreat Britain _9197463 |
|
| 650 | 0 |
_aScience _xVocational guidance _9197464 |
|
| 942 |
_2ddc _cBK |
||
| 999 |
_c66703 _d66703 |
||